000 00518 a2200169 4500
003 Nust
005 20230119135342.0
040 _cNust
082 _a670.42,ANN
100 _aE. G. Anness
_9107109
245 _aIndustrial electrical plant manintance /
260 _aLondon
_bSir Issac pitman and sons
_c1950
300 _a191
505 _aDirect Current Plant (Page-5), Alternating Current Plant (Page-61), Miscellaneous (Page-131).
650 _aIndustrial electrical plant manintance
_9107110
942 _2ddc
_cBK
999 _c185004
_d185004